<?xml version="1.0" encoding="UTF-8"?>
<record
    xmlns:xsi="http://www.w3.org/2001/XMLSchema-instance"
    xsi:schemaLocation="http://www.loc.gov/MARC21/slim http://www.loc.gov/standards/marcxml/schema/MARC21slim.xsd"
    xmlns="http://www.loc.gov/MARC21/slim">

  <leader>01612nam a2200241Ia 4500</leader>
  <controlfield tag="003">OSt</controlfield>
  <controlfield tag="005">20211008132138.0</controlfield>
  <controlfield tag="008">210310s1983    ck ad  gr     000 0 spa d</controlfield>
  <datafield tag="040" ind1=" " ind2=" ">
    <subfield code="a">CO-JMCR</subfield>
    <subfield code="c">CO-JMCR</subfield>
  </datafield>
  <datafield tag="041" ind1="0" ind2=" ">
    <subfield code="a">spa</subfield>
  </datafield>
  <datafield tag="082" ind1="0" ind2="4">
    <subfield code="a">338.17371 /</subfield>
    <subfield code="b">C736t</subfield>
    <subfield code="2">23</subfield>
  </datafield>
  <datafield tag="110" ind1="2" ind2=" ">
    <subfield code="a">Compa&#xF1;&#xED;a Colombiana de Tabaco SA, </subfield>
    <subfield code="e">autor</subfield>
    <subfield code="9">41048</subfield>
  </datafield>
  <datafield tag="245" ind1="1" ind2="3">
    <subfield code="a">El tabaco rubio  en Colombia /</subfield>
    <subfield code="c">Compa&#xF1;&#xED;a colombiana de tabaco S. A., Productora Tabacalera de Colombia S. A., </subfield>
  </datafield>
  <datafield tag="260" ind1=" " ind2=" ">
    <subfield code="a">Bogot&#xE1; : </subfield>
    <subfield code="b">Servigr&#xE1;ficas,</subfield>
    <subfield code="c">1983.</subfield>
  </datafield>
  <datafield tag="300" ind1=" " ind2=" ">
    <subfield code="a">[110] p&#xE1;ginas : </subfield>
    <subfield code="b">ilustraciones, gr&#xE1;ficas y fotograf&#xED;as a color ; </subfield>
    <subfield code="c">27 cm.</subfield>
  </datafield>
  <datafield tag="500" ind1=" " ind2=" ">
    <subfield code="a">Incluye &#xED;ndices.</subfield>
  </datafield>
  <datafield tag="505" ind1="0" ind2=" ">
    <subfield code="a">Tabacos rubios. -- Zonas de cultivo de tabaco rubio. -- Areas de cultivo de tabaco rubio. -- Numero de agricultores de tabaco rubio. -- Generaci&#xF3;n de empleo de tabaco rubio. -- Producci&#xF3;n de tabaco rubio. -- Costos de los cultivos de tabaco rubio y de las construcciones. Ingreso neto en tabaco rubio. -- Financiaci&#xF3;n del cultivo del tabaco rubio. -- Financiaci&#xF3;n de las compa&#xF1;&#xED;as. -- Mercadeo del tabaco rubio. -- Asistencia t&#xE9;cnica. -- Investigaci&#xF3;n. -- Las agroindustrias. -- Proyecciones de la producci&#xF3;n de tabaco para 5 a&#xF1;os, 1984-85 1988-89. -- Necesidades de cr&#xE9;dito e insumos para proyecci&#xF3;n. Con incremento anual de &#xE1;reas de 15%. -- Contrabando.-- Conclusiones sobre tabaco rubio.
</subfield>
  </datafield>
  <datafield tag="650" ind1="1" ind2="4">
    <subfield code="a">Tabaco Rubio</subfield>
    <subfield code="v">Industria </subfield>
    <subfield code="z">Colombia</subfield>
    <subfield code="9">41049</subfield>
  </datafield>
  <datafield tag="650" ind1="2" ind2="4">
    <subfield code="a">Tabaco Rubio</subfield>
    <subfield code="v">Comercio</subfield>
    <subfield code="z">Colombia</subfield>
    <subfield code="9">41050</subfield>
  </datafield>
  <datafield tag="650" ind1="2" ind2="4">
    <subfield code="a">Tabaco Rubio </subfield>
    <subfield code="v">Producci&#xF3;n</subfield>
    <subfield code="z">Colombia</subfield>
    <subfield code="9">41051</subfield>
  </datafield>
  <datafield tag="710" ind1="1" ind2=" ">
    <subfield code="a">Productora Tabacalera de Colombia S. A., </subfield>
    <subfield code="e">autor</subfield>
    <subfield code="9">41052</subfield>
  </datafield>
  <datafield tag="942" ind1=" " ind2=" ">
    <subfield code="2">ddc</subfield>
    <subfield code="c">BK</subfield>
  </datafield>
  <datafield tag="999" ind1=" " ind2=" ">
    <subfield code="c">12643</subfield>
    <subfield code="d">12643</subfield>
  </datafield>
  <datafield tag="952" ind1=" " ind2=" ">
    <subfield code="0">0</subfield>
    <subfield code="1">0</subfield>
    <subfield code="2">ddc</subfield>
    <subfield code="4">0</subfield>
    <subfield code="7">0</subfield>
    <subfield code="a">CPL</subfield>
    <subfield code="b">CPL</subfield>
    <subfield code="c">GEN</subfield>
    <subfield code="d">2018-04-15</subfield>
    <subfield code="e">Donaci&#xF3;n</subfield>
    <subfield code="o">338.17371 / C736t</subfield>
    <subfield code="p">430005193</subfield>
    <subfield code="r">2024-05-16 00:00:00</subfield>
    <subfield code="t">Ej.1</subfield>
    <subfield code="w">2021-03-10</subfield>
    <subfield code="y">BK</subfield>
  </datafield>
</record>
